01225nam a2200193Ia 4500008004100000020001800041050002300059100003700082245016900119250001900288260003200307300003100339500003900370500008300409500005700492505038000549650006400929650003800993120625s2007 mx rl 001 0 spa d a9789708111508 4aKGF1370b L85 20071 aLuna Guerra, Antonio e , autor 10aRégimen legal y fiscal de las sociedades coperativas 2008 b : Estudio práctico del régimen legal y los aspectos fiscales relevantes c / Antonio Luna Guerra  a6a. edición  aMéxicob : ISEFc , 2007  a211 páginas c ; 21 cm.  aPrimera edición Febrero de 2002  a"Contiene información publicada en el D.O.F hasta el 5 de diciembre de 2007" aEn portada: Incluye Aplicación del IETU y del IDE 0 aDisposiciones generales aplicables a las sociedades cooperativas Constitución y registro Distintas clases y categorias de sociedades cooperativas Del funcionamiento y administración Régimen económico De los socios Disolución, liquidación y fusión Organismos e instituciones de asistencia técnica al movimiento cooperativo nacional Otras disposiciones  4aSOCIEDADES COOPERATIVAS vLEYES Y LEGISLACIÓN zMÉXICO  4aDERECHO DE SOCIEDADES zMÉXICO